Ông Trần Thanh Liêm, Phó Chủ tịch thường trực UBND tỉnh: Cộng đồng doanh nghiệp, doanh nhân đã đóng góp quan trọng vào sự phát triển của Bình Dương
সংরক্ষণ করুন:
| প্রধান লেখক: | |
|---|---|
| বিন্যাস: | গ্রন্থ |
| ভাষা: | Undetermined |
| বিষয়গুলি: | |
| অনলাইন ব্যবহার করুন: | http://lrc.tdmu.edu.vn/opac/search/detail.asp?aID=2&ID=25372 |
| ট্যাগগুলো: |
ট্যাগ যুক্ত করুন
কোনো ট্যাগ নেই, প্রথমজন হিসাবে ট্যাগ করুন!
|
| Thư viện lưu trữ: | Trung tâm Học liệu Trường Đại học Thủ Dầu Một |
|---|
| LEADER | 00723nam a2200145Ia 4500 | ||
|---|---|---|---|
| 001 | TDMU_25372 | ||
| 008 | 210410s9999 xx 000 0 und d | ||
| 082 | |a 338.9 | ||
| 100 | |a Phương An | ||
| 245 | 0 | |a Ông Trần Thanh Liêm, Phó Chủ tịch thường trực UBND tỉnh: Cộng đồng doanh nghiệp, doanh nhân đã đóng góp quan trọng vào sự phát triển của Bình Dương | |
| 245 | 0 | |c Phương An | |
| 300 | |a 4tr | ||
| 650 | |a Chính trị xã hội; Doang nghiệp; Doanh nhân; Bình Dương; Trần Thanh Liêm | ||
| 856 | |u http://lrc.tdmu.edu.vn/opac/search/detail.asp?aID=2&ID=25372 | ||
| 980 | |a Trung tâm Học liệu Trường Đại học Thủ Dầu Một | ||